[Event "Vignola Weekend-A 9th"]
[Site "Vignola"]
[Date "2010.11.13"]
[Round "2"]
[White "Orlandi, Francesco"]
[Black "Salvioli, Alessandro"]
[Result "0-1"]
[WhiteElo "1392"]
[BlackElo "1975"]
[PlyCount "54"]
[EventDate "2010.11.12"]
[EventType "swiss"]
[EventRounds "5"]
[EventCountry "ITA"]
[SourceTitle "EXT 2024"]
[Source "ChessBase"]
[SourceDate "2023.10.10"]
[SourceVersion "1"]
[SourceVersionDate "2023.10.10"]
[SourceQuality "1"]

1. e4 c5 2. c3 d5 3. exd5 Qxd5 4. d4 Nc6 5. Nf3 Bg4 6. Be2 e6 7. 0-0 0-0-0 8. Be3 cxd4 9. cxd4 Nf6 10. Nc3 Qd7 11. Qd2 Bd6 12. Rfd1 Nd5 13. Nxd5 exd5 14. Rac1 Kb8 15. Bb5 Bxf3 16. gxf3 g5 17. Bxg5 Rhg8 18. Kf1 Qh3+ 19. Ke2 Rxg5 20. Qxg5 Re8+ 21. Kd2 Qxf3 22. Re1 Bf4+ 23. Qxf4+ Qxf4+ 24. Kc2 Nxd4+ 25. Kb1 Qf5+ 26. Ka1 Nc2+ 27. Rxc2 Rxe1+ 0-1

[Event "Vignola Weekend-A 9th"]
[Site "Vignola"]
[Date "2010.11.12"]
[Round "1"]
[White "Salvioli, Alessandro"]
[Black "Landi, Filippo"]
[Result "1-0"]
[WhiteElo "1975"]
[BlackElo "1645"]
[PlyCount "69"]
[EventDate "2010.11.12"]
[EventType "swiss"]
[EventRounds "5"]
[EventCountry "ITA"]
[SourceTitle "EXT 2024"]
[Source "ChessBase"]
[SourceDate "2023.10.10"]
[SourceVersion "1"]
[SourceVersionDate "2023.10.10"]
[SourceQuality "1"]

1. e4 c5 2. Nf3 d6 3. d4 cxd4 4. Nxd4 Nf6 5. Nc3 g6 6. Be3 Bg7 7. f3 0-0 8. Qd2 Nc6 9. Bc4 Bd7 10. 0-0-0 Rc8 11. Bb3 Ne5 12. h4 h5 13. g4 a6 14. gxh5 Nxh5 15. Rdg1 b5 16. Bh6 Rc5 17. Bxg7 Kxg7 18. f4 Ng4 19. f5 Ngf6 20. Qg2 Qe8 21. Nd5 Rh8 22. Qf3 Rh6 23. Nb6 Bc6 24. fxg6 Rxg6 25. Rxg6+ Kxg6 26. Rg1+ Kh7 27. Nd5 Bxd5 28. exd5 Qf8 29. Kb1 a5 30. c3 Kh8 31. Rg5 Qc8 32. Rxh5+ Nxh5 33. Qxh5+ Kg7 34. Nf5+ Kf6 35. Qg5+ 1-0

[Event "Senigallia op 5th"]
[Site "Senigallia"]
[Date "2010.08.05"]
[Round "4"]
[White "Salvioli, Alessandro"]
[Black "Cavezzana, Davide"]
[Result "1-0"]
[WhiteElo "1924"]
[BlackElo "1768"]
[PlyCount "39"]
[EventDate "2010.08.02"]
[EventType "swiss"]
[EventRounds "7"]
[EventCountry "ITA"]
[SourceTitle "CBM 137 Extra"]
[Source "ChessBase"]
[SourceDate "2010.09.01"]
[SourceVersion "1"]
[SourceVersionDate "2010.09.01"]
[SourceQuality "1"]

1. e4 e5 2. Nf3 Nf6 3. Nxe5 d6 4. Nf3 Nxe4 5. Nc3 Nxc3 6. dxc3 Nc6 7. Be3 g6 8. Qd2 Bd7 9. 0-0-0 Bg7 10. h4 Bg4 11. Re1 0-0 12. Ng5 h5 13. f3 Bf5 14. Be2 Qd7 15. g4 hxg4 16. fxg4 Bxg4 17. h5 Ne5 18. Bxg4 Nxg4 19. hxg6 Ne5 20. Qh2 1-0

[Event "Senigallia Perini Memorial 3rd"]
[Site "Senigallia"]
[Date "2009.08.04"]
[Round "4"]
[White "Salvioli, Alessandro"]
[Black "Fontana, Enrico"]
[Result "1/2-1/2"]
[WhiteElo "1866"]
[BlackElo "2130"]
[PlyCount "52"]
[EventDate "2009.08.01"]
[EventType "swiss"]
[EventRounds "9"]
[EventCountry "ITA"]
[SourceTitle "EXT 2010"]
[Source "ChessBase"]
[SourceDate "2010.11.25"]
[SourceVersion "1"]
[SourceVersionDate "2010.11.25"]
[SourceQuality "1"]

1. e4 c5 2. Nf3 Nc6 3. d4 cxd4 4. Nxd4 e5 5. Nb5 a6 6. Nd6+ Bxd6 7. Qxd6 Qf6 8. Qd2 Qg6 9. Nc3 Nge7 10. f3 d6 11. Bd3 0-0 12. b3 Kh8 13. Bb2 f5 14. 0-0-0 b5 15. f4 Qh6 16. g3 fxe4 17. Bxe4 Bg4 18. fxe5 Qxd2+ 19. Rxd2 dxe5 20. Nd5 Bf3 21. Bxf3 Rxf3 22. Nxe7 Nxe7 23. Bxe5 h5 24. Rd7 Nf5 25. Rg1 Re8 26. Bb2 Re2 1/2-1/2

[Event "Mirandola Giovanni Pico op 2nd"]
[Site "Mirandola"]
[Date "2009.01.10"]
[Round "2"]
[White "Salvioli, Alessandro"]
[Black "Decaneto, Erick"]
[Result "0-1"]
[WhiteElo "1875"]
[BlackElo "1548"]
[PlyCount "43"]
[EventDate "2009.01.09"]
[EventType "swiss"]
[EventRounds "5"]
[EventCountry "ITA"]
[SourceTitle "EXT 2011"]
[Source "ChessBase"]
[SourceDate "2010.11.26"]
[SourceVersion "1"]
[SourceVersionDate "2010.11.26"]
[SourceQuality "1"]

1. e4 c5 2. Nf3 Nc6 3. d4 cxd4 4. Nxd4 e6 5. Nxc6 bxc6 6. Bd3 Bb4+ 7. c3 Bc5 8. 0-0 Ne7 9. Kh1 0-0 10. f4 f5 11. Nd2 d5 12. e5 Ng6 13. Nf3 Qb6 14. Qe2 a5 15. Ng5 h6 16. Nh3 Ba6 17. Bxa6 Qxa6 18. Qe1 Rfb8 19. Rf3 a4 20. Rg3 Kh7 21. Qd1 Ra7 22. Qc2 0-1

[Event "Mirandola Giovanni Pico op 1st"]
[Site "Mirandola"]
[Date "2008.01.12"]
[Round "2"]
[White "Dionigi, Riccardo"]
[Black "Salvioli, Alessandro"]
[Result "1/2-1/2"]
[WhiteElo "1554"]
[BlackElo "1793"]
[PlyCount "55"]
[EventDate "2008.01.11"]
[EventType "swiss"]
[EventRounds "5"]
[EventCountry "ITA"]
[SourceTitle "EXT 2009"]
[Source "ChessBase"]
[SourceDate "2008.11.26"]
[SourceVersion "1"]
[SourceVersionDate "2008.11.26"]
[SourceQuality "1"]

1. d4 Nf6 2. Nf3 g6 3. Bg5 Bg7 4. e3 d6 5. c4 0-0 6. Bd3 a5 7. Nc3 Nbd7 8. 0-0 c6 9. Qc2 Qc7 10. Rfe1 e5 11. Rad1 h6 12. Bh4 g5 13. Bg3 Nh5 14. Ne2 c5 15. d5 Nb8 16. Nd2 f5 17. f3 Na6 18. a3 Bh8 19. Bf2 Bd7 20. g4 Ng7 21. h3 Rab8 22. Ng3 Qc8 23. Kg2 Rf7 24. e4 fxg4 25. hxg4 h5 26. Nf5 Nxf5 27. exf5 b5 28. Ne4 1/2-1/2

[Event "Emilia Romagna Province-ch"]
[Site "Formigine"]
[Date "2007.05.01"]
[Round "5"]
[White "Salvioli, Alessandro"]
[Black "Piccinini, Samuele"]
[Result "1-0"]
[WhiteElo "1524"]
[BlackElo "1749"]
[PlyCount "60"]
[EventDate "2007.04.28"]
[EventType "swiss"]
[EventRounds "6"]
[EventCountry "ITA"]
[SourceTitle "EXT 2009"]
[Source "ChessBase"]
[SourceDate "2008.11.26"]
[SourceVersion "1"]
[SourceVersionDate "2008.11.26"]
[SourceQuality "1"]

1. e4 e6 2. d4 d5 3. Nc3 Bb4 4. Nge2 dxe4 5. a3 Bxc3+ 6. Nxc3 Nc6 7. Bb5 Nge7 8. Nxe4 0-0 9. Be3 a6 10. Bc4 Nf5 11. c3 b5 12. Ba2 Nxe3 13. fxe3 Qh4+ 14. Ng3 Bb7 15. 0-0 Ne7 16. Rf4 Qh6 17. Qd2 Nd5 18. Bxd5 exd5 19. Nf5 Qf6 20. Qe2 Rae8 21. Raf1 Re4 22. Rxe4 dxe4 23. Rf4 Re8 24. Nxg7 Qxg7 25. Rg4 Re6 26. Rxg7+ Kxg7 27. Qg4+ Kf8 28. Qf4 Re7 29. Qf6 Ke8 30. Qh8+ Kd7 1-0

[Event "Emilia Romagna Province-ch"]
[Site "Formigine"]
[Date "2007.04.28"]
[Round "2"]
[White "Salvioli, Alessandro"]
[Black "Ferretti, Alessandro"]
[Result "1-0"]
[WhiteElo "1524"]
[BlackElo "1748"]
[PlyCount "155"]
[EventDate "2007.04.28"]
[EventType "swiss"]
[EventRounds "6"]
[EventCountry "ITA"]
[SourceTitle "EXT 2009"]
[Source "ChessBase"]
[SourceDate "2008.11.26"]
[SourceVersion "1"]
[SourceVersionDate "2008.11.26"]
[SourceQuality "1"]

1. e4 c5 2. Nf3 Nc6 3. d4 cxd4 4. Nxd4 Nf6 5. Nc3 e5 6. Ndb5 b6 7. Bg5 a6 8. Na3 b5 9. Nd5 Be7 10. Nxe7 Nxe7 11. f3 Bb7 12. c4 Qa5+ 13. Bd2 Qb6 14. cxb5 d5 15. bxa6 Bxa6 16. Qa4+ Kf8 17. Bxa6 Rxa6 18. Qb4 dxe4 19. Qxb6 Rxb6 20. Nc4 Re6 21. 0-0 Nc6 22. f4 Nd5 23. f5 Re7 24. Rfe1 Nd4 25. Rxe4 f6 26. a4 Nxf5 27. Rf1 g6 28. g4 Rg8 29. Kh1 Ng7 30. Nb6 Nf4 31. Bb4 Nge6 32. Bxe7+ Kxe7 33. g5 Nc5 34. Rc4 Ncd3 35. gxf6+ Kxf6 36. Nd5+ Ke6 37. Nxf4+ Nxf4 38. b4 Rd8 39. Rfc1 Kf5 40. b5 Nd3 41. Rf1+ Ke6 42. b6 Kd5 43. Rc7 Rb8 44. a5 Nb4 45. Rff7 Na6 46. Rb7 Rc8 47. Rfc7 Rf8 48. Rxh7 e4 49. Rhf7 Rc8 50. Rbd7+ Kc6 51. Rd4 e3 52. Re7 Kb5 53. Rxe3 Kxa5 54. Ra3+ Kb5 55. Rda4 Nc5 56. Ra8 Rxa8 57. Rxa8 Kxb6 58. Rg8 Ne4 59. Rxg6+ Kc5 60. h4 Nf2+ 61. Kg2 Nd3 62. Rg5+ Kd6 63. h5 Nf4+ 64. Kf3 Ne6 65. Rg6 Ke7 66. h6 Nf8 67. Rg3 Kf6 68. Ke4 Nh7 69. Kf3 Nf8 70. Kg2 Nh7 71. Kh3 Nf8 72. Kh4 Ng6+ 73. Kg4 Nf8 74. Kh5 Nh7 75. Rf3+ Ke7 76. Kg6 Nf8+ 77. Rxf8 Kxf8 78. h7 1-0